| 000 | 00442nam a2200133Ia 4500 | ||
|---|---|---|---|
| 008 | 170516s9999 xx 000 0 und d | ||
| 245 | 4 | _aThe FC Rad Diag(SA): Stretched, but still in step – Report on a Royal College observership | |
| 260 | _bSouth African Journal of Radiology | ||
| 260 | _c2017 | ||
| 300 | _a21:1 | ||
| 650 | _xRadiologic Technology | ||
| 650 | _xRadtech | ||
| 856 | _uhttp://www.sajr.org.za/index.php/sajr/issue/view/57 | ||
| 999 |
_c332886 _d332886 |
||